
Library Catalogue

| 000 -LEADER | |
|---|---|
| fixed length control field | 01121nam a2200217Ia 4500 |
| 003 - CONTROL NUMBER IDENTIFIER | |
| control field | OSt |
| 005 - DATE AND TIME OF LATEST TRANSACTION | |
| control field | 20210406104006.0 |
| 008 - FIXED-LENGTH DATA ELEMENTS--GENERAL INFORMATION | |
| fixed length control field | 160316s2011 xxu||||| |||| 00| 0 eng d |
| 020 ## - INTERNATIONAL STANDARD BOOK NUMBER | |
| International Standard Book Number | 9780415550512 |
| 040 ## - CATALOGING SOURCE | |
| Transcribing agency | n |
| 082 ## - DEWEY DECIMAL CLASSIFICATION NUMBER | |
| Classification number | 345.052700 |
| Item number | MAC |
| 100 ## - MAIN ENTRY--PERSONAL NAME | |
| Personal name | Macken Claire |
| 245 ## - TITLE STATEMENT | |
| Title | Counter-terrorism and the detention of suspected terrorists : Preventive detention and international human rights law |
| 260 ## - PUBLICATION, DISTRIBUTION, ETC. | |
| Place of publication, distribution, etc. | London |
| Name of publisher, distributor, etc. | Routledge |
| Date of publication, distribution, etc. | 2011 |
| 300 ## - PHYSICAL DESCRIPTION | |
| Extent | 208p |
| Dimensions | xix |
| 365 ## - TRADE PRICE | |
| Price amount | Rs. 3,018 |
| 505 ## - FORMATTED CONTENTS NOTE | |
| Formatted contents note | Contents:<br/>1. Background and Definitions;<br/>2. The Legal Framework;<br/>3. Preventative Confinement under an Intelligence Model of Counter-Terrorism Policy;<br/>4. Preventative Confinement under a War Model of Counter-Terrorism Policy;<br/>5. Preventative Confinement in a Criminal Justice Model of Counter-Terrorism Policy;<br/>6. Suggestions to Governments as to how to Improve Preventative Confinement Laws in State Counter-Terrorism Policy Models;<br/>7. Summary and Conclusions. |
| 650 ## - SUBJECT ADDED ENTRY--TOPICAL TERM | |
| Topical term or geographic name entry element | 1. Preventive Detention 2. Terrorism - Prevention - Law & Legislation 3. Human Rights |
| 700 ## - ADDED ENTRY--PERSONAL NAME | |
| Personal name | |
| -- | |
| 942 ## - ADDED ENTRY ELEMENTS (KOHA) | |
| Source of classification or shelving scheme | Dewey Decimal Classification |
| Koha item type | BOOKs |
| Withdrawn status | Lost status | Damaged status | Not for loan | Home library | Current library | Shelving location | Date acquired | Total Checkouts | Full call number | Barcode | Date last seen | Date last checked out | Price effective from | Koha item type |
|---|---|---|---|---|---|---|---|---|---|---|---|---|---|---|
| NLS | NLS | 30/05/2017 | 3 | 345.0527 MAC | 31499 | 17/04/2024 | 10/04/2024 | 30/05/2017 | BOOKs |